Biblioteca y Centro de Documentación

The age of surveillance Capitalism (Registro nro. 51491)

Detalles MARC
000 -CABECERA
Longitud fija campo de control 01149nam a2200373 c 4500
001 - NÚMERO DE CONTROL
Número de control 51491
003 - IDENTIFICADOR DE NÚMERO DE CONTROL
Identificador del número de control ES-MaCES
005 - FECHA Y HORA DE LA ÚLTIMA TRANSACCIÓN
Fecha y hora de la última transacción 20200729104102.0
008 - CAMPO FIJO DE DESCRIPCIÓN FIJA--INFORMACIÓN GENERAL
Códigos de información de longitud fija   200728s2019 uk 000 | eng d
020 ## - ISBN (INTERNATIONAL STANDARD BOOK NUMBER)
Número Internacional Normalizado para Libros (ISBN) 9781781256855
020 ## - ISBN (INTERNATIONAL STANDARD BOOK NUMBER)
Número Internacional Normalizado para Libros (ISBN) 9781782832744 (eISBN)
040 ## - FUENTE DE CATALOGACIÓN
Centro catalogador de origen ES-MaCES
Lengua de catalogación spa
Centro transcriptor ES-MaCES
100 1# - ENCABEZAMIENTO PRINCIPAL--NOMBRE PERSONAL
9 (RLIN) 39702
Nombre de persona Zuboff, Shoshana
245 14 - MENCIÓN DE TÍTULO
Título The age of surveillance Capitalism
Resto del título : the fight for a human future at the new frontier of power
Mención de responsabilidad, etc. Shoshana Zuboff
250 ## - MENCIÓN DE EDICIÓN
Mención de edición 1st ed
260 ## - PUBLICACIÓN, DISTRIBUCIÓN, ETC (PIE DE IMPRENTA)
Lugar de publicación, distribución, etc. London
Nombre del editor, distribuidor, etc. Profile Books
Fecha de publicación, distribución, etc. 2019
300 ## - DESCRIPCIÓN FÍSICA
Extensión 691 p.
Dimensiones 20 cm
500 ## - NOTA GENERAL
Nota general Índices
541 ## - NOTA DE LA FUENTE INMEDIANTE DE ADQUISICIÓN
Forma de adquisición Compra
650 #4 - ASIENTO SECUNDARIO DE MATERIA--TÉRMINO DE MATERIA
Término de materia o nombre geográfico como elemento inicial capitalismo
9 (RLIN) 27116
650 #4 - ASIENTO SECUNDARIO DE MATERIA--TÉRMINO DE MATERIA
Término de materia o nombre geográfico como elemento inicial tecnología
9 (RLIN) 28238
650 #4 - ASIENTO SECUNDARIO DE MATERIA--TÉRMINO DE MATERIA
Término de materia o nombre geográfico como elemento inicial tecnología de la información
9 (RLIN) 30104
650 #4 - ASIENTO SECUNDARIO DE MATERIA--TÉRMINO DE MATERIA
Término de materia o nombre geográfico como elemento inicial consumidor
9 (RLIN) 27902
650 #4 - ASIENTO SECUNDARIO DE MATERIA--TÉRMINO DE MATERIA
Término de materia o nombre geográfico como elemento inicial demanda de consumo
9 (RLIN) 27904
650 #4 - ASIENTO SECUNDARIO DE MATERIA--TÉRMINO DE MATERIA
Término de materia o nombre geográfico como elemento inicial comportamiento del consumidor
9 (RLIN) 27903
650 #4 - ASIENTO SECUNDARIO DE MATERIA--TÉRMINO DE MATERIA
Término de materia o nombre geográfico como elemento inicial sistema de valores
9 (RLIN) 29392
650 #4 - ASIENTO SECUNDARIO DE MATERIA--TÉRMINO DE MATERIA
Término de materia o nombre geográfico como elemento inicial control social
9 (RLIN) 27287
650 #4 - ASIENTO SECUNDARIO DE MATERIA--TÉRMINO DE MATERIA
Término de materia o nombre geográfico como elemento inicial nuevo orden económico internacional
9 (RLIN) 29223
650 #4 - ASIENTO SECUNDARIO DE MATERIA--TÉRMINO DE MATERIA
Término de materia o nombre geográfico como elemento inicial poder político
9 (RLIN) 27200
650 #4 - ASIENTO SECUNDARIO DE MATERIA--TÉRMINO DE MATERIA
Término de materia o nombre geográfico como elemento inicial futuro
9 (RLIN) 28901
653 10 - TÉRMINO DE INDEXACIÓN--NO CONTROLADO
Término no controlado Economía
902 ## - CES. TIPO DE DOCUMENTO
Tipodoc (006$c Sirtex) LIB Libro
942 ## - ELEMENTOS KOHA
Fuente de clasificaión o esquema Clasificación propia del CES
Koha [por defecto] tipo de item Monografías
Parte de clasificación Economía
Existencias
Número de registro Signatura completa Tipo de item de Koha
091969 SG-0.0.-217 Monografías
© CES, Consejo Económico y Social de España 2021